000
00244nam a22001097a 4500
082
_a
080/SHA
100
_a
Sharma,Robin
_9
82859
245
_a
The 5AM Club
260
_a
Mumbai
_J
JaicoPublishing House
_c
2024
650
_a
Motivational
942
_c
BK
999
_c
67583
_d
67583